01282nam a2200277 i 4500001001000000003000900010005001700019007000300036008004100039040003000080082001400110100005800124245012200182264005600304300002700360336002700387337003400414338002700448500007300475590002700548910001400575942001400589952018800603952019600791999001700987000031196DO-SdBNP20230906112104.0ta110614s1938 dr 000 0 spa d aDO-SdBNPbspacBNPHUerda 4bP349d222 aPeña Batlle, Manuel Arturo,98406d1902-1952eautor14aLas devastaciones de 1605 y 1606 :b(contribución al estudio de la realidad dominicana) /cManuel A. Peña Batlle. aCiudad Trujillo :bImpr. J.R. Vda. García,c1938. a85 páginas ;c22 cm. 2rdacontentatextobtxt 2rdamediaasin mediaciónbnc 2rdacarrieravolumenbn aIncluye referencias bibliográficas y notas al pie de las páginas aInventariado, 2022/ YL aYLockward 2ddccLBS1 00102ddc51708PD-RVaBNPHUbBNPHUcCTd2011-06-14eDonacióno BNPHU RV-PDp31196-10r2020-06-25w2020-06-25yLBS1zPerteneció a la biblioteca personal de Germán Emilio Ornes. 00102ddc51708PD-RVaBNPHUbBNPHUcCTd2023-09-06eDonaciónl0oBNPHU RV-PD P349dp31196-20r2023-09-06te.2w2023-09-06yLBS1zPerteneció a la biblioteca personal de Bárbara Suncar. c30688d30688